000 00233 a2200097 4500
001 52847
100 _aMichaels A
245 _aInternational Disde Equivalents Guide
260 _aNew York
_bBernard Babani
_c
090 _c33249
_d33249
942 _aNUST-CAE
_cM
_c25835
999 _c287920
_d287920